El Patrimoni artístic català durant la Guerra Civil espanyola : itineràncies, destruccions, salvaments : actes del Simposi Destrucció, Salvament i Itinerància de l’Art a Catalunya (1936-1939), celebrat a Barcelona, al Museu Nacional d’Art de Catalunya el 14 de febrer de 2022 itineràncies, destruccions, salvaments : actes del Simposi Destrucció, Salvament i Itinerància de l’Art a Catalunya (1936-1939), celebrat a Barcelona, al Museu Nacional d’Art de Catalunya el 14 de febrer de 2022
ISBN:
9788419326492
Publicado:
Barcelona :
Memorial Democràtic : Generalitat de Catalunya, Departament de Justícia ,
2022
Colección:
Col·lecció "Referents"
; 18
Materias:
Tresors artístics durant la guerra -- Catalunya -- Congressos.
; Patrimoni cultural -- Protecció -- Catalunya -- Congressos.
; Patrimoni cultural.
; Guerra civil espanyola, 1936-1930
; Destrucció d'obres d'art.
; Catalunya -- Història -- 1936-1939, Guerra Civil -- Art i guerra -- Congressos.
; Catalunya.
; Congressos.
Idioma:
Catalán
MARC
| LEADER | 00000nam a22000008i 4500 | ||
|---|---|---|---|
| 001 | 27118 | ||
| 003 | Arxiu | ||
| 005 | 20260324181146.0 | ||
| 008 | 220916s2022 spc|||| |||| 1|0 0 cat| | ||
| 017 | |a DL B 18778-2022 |b Biblioteca de Catalunya | ||
| 020 | |a 9788419326492 | ||
| 040 | |a ES-BaBC |b cat |e rda |c ES-BaBC |d Es-BaMD | ||
| 043 | |a e-sp--- |b e-spc-- |2 catmarc | ||
| 080 | |a 351.852/.853 |x (460.23) |x "1936/1939" |x (063) |2 2004 | ||
| 080 | |a 7:355 |x (460.23) |x "1936/1939" |x (063) |2 2004 | ||
| 111 | 2 | |a Simposi Destrucció, Salvament i Itinerància de l'Art a Catalunya (1936-1939) |d (2022 : |c Barcelona, Catalunya), |j autor | |
| 245 | 1 | 3 | |a El Patrimoni artístic català durant la Guerra Civil espanyola : |b itineràncies, destruccions, salvaments : actes del Simposi Destrucció, Salvament i Itinerància de l’Art a Catalunya (1936-1939), celebrat a Barcelona, al Museu Nacional d’Art de Catalunya el 14 de febrer de 2022 |
| 250 | |a Primera edició | ||
| 264 | 1 | |a Barcelona : |b Memorial Democràtic : |b Generalitat de Catalunya, Departament de Justícia , |c setembre 2022 | |
| 336 | |a text |b txt |2 rdacontent | ||
| 337 | |a sense mediació |b n |2 rdamedia | ||
| 338 | |a volum |b nc |2 rdacarrier | ||
| 504 | |a Referències bibliogràfiques | ||
| 650 | 7 | |a Tresors artístics durant la guerra |z Catalunya |v Congressos. |2 lemac | |
| 650 | 7 | |a Patrimoni cultural |x Protecció |y Catalunya |v Congressos. |2 lemac | |
| 650 | 7 | |a Patrimoni cultural. |2 thub |9 27184 | |
| 650 | 7 | |a Guerra civil espanyola, 1936-1930 |2 thub | |
| 650 | 7 | |a Destrucció d'obres d'art. |2 thub | |
| 651 | 7 | |a Catalunya |x Història |y 1936-1939, Guerra Civil |x Art i guerra |v Congressos. |2 lemac | |
| 651 | 7 | |a Catalunya. |2 thub |9 51009 | |
| 655 | 7 | |a Congressos. |2 thub | |
| 700 | 1 | |a Nadal i Farreras, Joaquim, |d 1948- |e editor literari |9 1960 | |
| 700 | 1 | |a Capdevila i Candell, Mireia, |e editor literari | |
| 710 | 2 | |a Memorial Democràtic (Catalunya) |9 52410 | |
| 710 | 1 | |a Catalunya. |b Departament de Justícia, |e editor |9 53891 | |
| 830 | 0 | |a Col·lecció "Referents" ; |v 18 | |
| 908 | |a BC |a MD |a URV |a BMON |a UAB |a CHCC |a UB |a BAB |a UdL |a BPC | ||
| 940 | |a BC | ||
| 942 | |2 udc |c ARXIU |n 1 | ||
| 952 | |0 0 |1 0 |2 udc |4 0 |6 BIB1025 |7 1 |9 64859 |a Arxiu |b Arxiu |d 2022-12-20 |l 0 |o Bib-1025 |p 27118 |r 2022-12-20 00:00:00 |w 2022-12-20 |y ARXIU | ||
| 999 | |c 82828 |d 82828 | ||